| 000 | 00528nam a22002057a 4500 | ||
|---|---|---|---|
| 999 |
_c16803 _d16803 |
||
| 003 | OSt | ||
| 005 | 20180411151919.0 | ||
| 008 | 180411b xxu||||| |||| 00| 0 eng d | ||
| 020 | _a8184482450 | ||
| 040 | _cKABU | ||
| 050 |
_aRC 440 _b.N44 2008 C.1 |
||
| 100 | _aNeeb, Kathy | ||
| 245 |
_aFundamentals of mental health nursing: _cKathy Neeb. |
||
| 250 | _a3rd ed. | ||
| 260 |
_aPhiladelphia: _bF.A Davis; _c2008. |
||
| 300 | _ax, 438p. | ||
| 650 | _aPsychiatric nursing | ||
| 650 | _aPractical nurses | ||
| 942 |
_2lcc _cBK |
||